[Event "Raisoni Memorial op U15"]
[Site "Nagpur"]
[Date "2012.09.19"]
[Round "4"]
[White "Aditya, Chakraborty"]
[Black "Rakesh, Kumar Jena"]
[Result "1/2-1/2"]
[WhiteElo "1893"]
[BlackElo "1924"]
[PlyCount "146"]
[EventDate "2012.09.17"]
[EventType "swiss"]
[EventRounds "11"]
[EventCountry "IND"]
[SourceTitle "CBM 150 Extra"]
[Source "ChessBase"]
[SourceDate "2012.10.19"]
[SourceVersion "1"]
[SourceVersionDate "2012.10.19"]
[SourceQuality "1"]

1. e4 c5 2. Nf3 e6 3. d4 cxd4 4. Nxd4 Nf6 5. Nc3 Nc6 6. Nxc6 bxc6 7. Bd3 d5 8. 0-0 Be7 9. Re1 0-0 10. Bf4 Nd7 11. exd5 cxd5 12. Nb5 a6 13. Bc7 Qe8 14. Nd6 Bxd6 15. Bxd6 Bb7 16. Bxf8 Qxf8 17. c3 g6 18. Qg4 f5 19. Qe2 e5 20. Bc2 e4 21. Red1 Ne5 22. f4 Qc5+ 23. Kh1 Nc4 24. Bb3 Nb6 25. a4 a5 26. Qd2 Rc8 27. Qd4 Qxd4 28. Rxd4 Kg7 29. Kg1 Kf6 30. Kf2 Ke7 31. Rad1 h6 32. g3 Ba8 33. Ke3 Bb7 34. h3 Bc6 35. g4 Rc7 36. gxf5 gxf5 37. Rg1 Kf6 38. Rg8 Rb7 39. Rh8 Kg7 40. Rd8 Rc7 41. Rb8 Bb7 42. Rd8 Bc6 43. Rd6 Rc8 44. Bxd5 Nxd5+ 45. R4xd5 Bxd5 46. Rxd5 Kf6 47. Rxa5 Rd8 48. h4 Rd3+ 49. Kf2 Rh3 50. Ra6+ Kg7 51. Rb6 Rh2+ 52. Ke3 Rh3+ 53. Kf2 Rf3+ 54. Ke2 Rxf4 55. a5 Rxh4 56. a6 f4 57. a7 Rh2+ 58. Kf1 Rh1+ 59. Ke2 Ra1 60. Re6 Rxa7 61. Rxe4 Ra2 62. Rb4 Kg6 63. Kf3 Kg5 64. Rb5+ Kh4 65. Kxf4 h5 66. c4 Ra1 67. Rb3 Ra4 68. Rc3 Rb4 69. b3 Rxb3 70. Rc1 Rh3 71. c5 Rh2 72. Rf1 Kh3 73. Rf3+ Kh4 1/2-1/2

[Event "Bhubaneswar op 1st"]
[Site "Bhubaneswar"]
[Date "2009.06.07"]
[Round "1"]
[White "Aditya, Chakraborty"]
[Black "Adhiban, Baskaran"]
[Result "0-1"]
[WhiteElo "1915"]
[BlackElo "2483"]
[PlyCount "54"]
[EventDate "2009.06.07"]
[EventType "swiss"]
[EventRounds "10"]
[EventCountry "IND"]
[SourceTitle "CBM 130 Extra"]
[Source "ChessBase"]
[SourceDate "2009.07.02"]
[SourceVersion "2"]
[SourceVersionDate "2009.07.15"]
[SourceQuality "1"]

1. e4 c5 2. Nf3 d6 3. d4 cxd4 4. Nxd4 Nf6 5. Nc3 a6 6. Be2 e5 7. Nb3 Be7 8. Bg5 Be6 9. Bxf6 Bxf6 10. Qd3 Be7 11. 0-0-0 Nd7 12. Nd5 Bxd5 13. Qxd5 Qc7 14. Kb1 0-0 15. h4 Rfc8 16. Qd2 a5 17. Bg4 a4 18. Bxd7 Qxd7 19. Nc1 Rc4 20. Nd3 Qb5 21. f3 Bd8 22. Rh3 Rac8 23. Ne1 Ba5 24. Qe2 a3 25. b3 Bxe1 26. Rxe1 Qb4 27. f4 Rxc2 0-1